| 000 | 01514nam a22002537a 4500 | ||
|---|---|---|---|
| 005 | 20170124103131.0 | ||
| 010 | _aA-689929 | ||
| 020 | _c251.00 | ||
| 035 | _aA-689929 | ||
| 037 | _bCen Lib/Ret | ||
| 040 |
_aDPL _bHN |
||
| 082 |
_a820.8 _bश्यामना |
||
| 245 |
_aसाहित्यकार एवं स्वतंत्रता संग्राम सेनानी श्यामनारायण विजयवर्गीय : _cसंपादक प्रेमचंद्र विजयवर्गीय _bव्यक्ति ,स्रष्टा और दृष्टा / |
||
| 246 |
_aShityakaar evam swatntrta sangram senani shyamnarayan vijayvargiya : vyakti sreshta aur drishta _bsampadak Premchand Vijayvargiya |
||
| 260 |
_aनई दिल्ली _b प्रकाशन संस्थान _c1994 |
||
| 270 |
_a4715/21, दयानंद मार्ग दरिया गंज _bनई दिल्ली _e110002 |
||
| 300 |
_a372पृष्ठ. : _c19सेमी(सजिल्द) _bचित्र. |
||
| 650 |
_aहिंदी साहित्य _984234 |
||
| 650 |
_aसाक्षात्कार - श्यामनारायण विजयवर्गीय _984235 |
||
| 650 |
_ahindi literature _984236 |
||
| 650 |
_aInterview - Shyamnarayn Vijayavargiya _984237 |
||
| 700 |
_aविजयवर्गीय, प्रेमचंद _943628 |
||
| 942 |
_2ddc _cHN _h820.8 _mश्यामना |
||
| 999 |
_c119296 _d119296 |
||